Harty's Endodontics in clinical practice / (Record no. 1559)
[ view plain ]
| 000 -LEADER | |
|---|---|
| fixed length control field | 00587nam a22002057a 4500 |
| 003 - CONTROL NUMBER IDENTIFIER | |
| control field | OSt |
| 005 - DATE AND TIME OF LATEST TRANSACTION | |
| control field | 20150424151855.0 |
| 008 - FIXED-LENGTH DATA ELEMENTS--GENERAL INFORMATION | |
| fixed length control field | 150424b xxu||||| |||| 00| 0 eng d |
| 020 ## - INTERNATIONAL STANDARD BOOK NUMBER | |
| International Standard Book Number | 0723610207 |
| 040 ## - CATALOGING SOURCE | |
| Transcribing agency | DLC |
| 082 ## - DEWEY DECIMAL CLASSIFICATION NUMBER | |
| Classification number | WU 230 H259 1997 |
| 245 ## - TITLE STATEMENT | |
| Title | Harty's Endodontics in clinical practice / |
| Statement of responsibility, etc. | Edited by T R Pitt Ford |
| 250 ## - EDITION STATEMENT | |
| Edition statement | 4th ed. |
| 260 ## - PUBLICATION, DISTRIBUTION, ETC. (IMPRINT) | |
| Place of publication, distribution, etc. | Oxford: |
| Name of publisher, distributor, etc. | Wright; |
| Date of publication, distribution, etc. | 1997. |
| 300 ## - PHYSICAL DESCRIPTION | |
| Extent | vii, 284 p : |
| Other physical details | ill; |
| Dimensions | 27 cm. |
| 504 ## - BIBLIOGRAPHY, ETC. NOTE | |
| Bibliography, etc | Includes bibliographical references and index |
| 650 ## - SUBJECT ADDED ENTRY--TOPICAL TERM | |
| Topical term or geographic name as entry element | Endodontics |
| 9 (RLIN) | 4045 |
| 700 ## - ADDED ENTRY--PERSONAL NAME | |
| Relator code | Editor |
| Personal name | Ford T R Pitt |
| 9 (RLIN) | 4107 |
| 942 ## - ADDED ENTRY ELEMENTS (KOHA) | |
| Source of classification or shelving scheme | Other/Generic Classification Scheme |
| Koha item type | Short Loan |
| Withdrawn status | Lost status | Source of classification or shelving scheme | Damaged status | Not for loan | Home library | Current library | Date acquired | Source of acquisition | Inventory number | Total Checkouts | Full call number | Barcode | Date last seen | Price effective from | Koha item type |
|---|---|---|---|---|---|---|---|---|---|---|---|---|---|---|---|
| Other/Generic Classification Scheme | MUST Main Library | MUST Main Library | 24/04/2015 | 2001/14971 | WU 230 H259 1997 | 2015-1133 | 24/04/2015 | 24/04/2015 | Short Loan |
